| 000 | 00491nam a2200205Ia 4500 | ||
|---|---|---|---|
| 008 | 170918s9999 xx 000 0 und d | ||
| 020 | _a9780439202275 | ||
| 050 | _bH551 2000 | ||
| 100 | _aHerman, Gail | ||
| 245 | _aShiny spooky knights / | ||
| 245 | _cGail Herman. | ||
| 260 | _aNew York : | ||
| 260 | _bScholastic, | ||
| 260 | _c2000 | ||
| 300 | _a32 pages : | ||
| 300 | _bcolored illustration ; | ||
| 300 | _c23cm. | ||
| 440 | _aScooby-doo! Readers level 2. | ||
| 500 | _aBR | ||
| 999 |
_c340958 _d340958 |
||